00756nam a2200205 i 4500001000300000100001600003245013600019246004800155260003400203300003500237500005100272630002100323655001800344020001500362040000800377041000700385080001900392008004100411856009800452bg1 aSLICK, Beth10aNorton Utilities 8 dla opornych /cBeth Slick ; [oprac. wersji polskiej Anna Zawadzka ; przekł. uzup. z ang. Wojtek Kowal et al.]. iTyt. oryg.:aNorton Utilities 8 for dummies aWarszawa :b"Read Me",c1994. aXXII, 340 s. :brys. ;c24 cm. aOryg. : "Norton Utilities 8 for dummies" 1993.09aNorton Commander aPodręczniki a8385769730 cBPK1 apl a681.322.06(07) s pl f |000 0 pol  uhttp://koha.tu.koszalin.pl/cgi-bin/koha/opac-detail.pl?biblionumber=32114yKatalog online BPK